|
|
|
|
| LEADER |
00000nam0a2200000 4500 |
| 001 |
739 |
| 005 |
20231030172735.0 |
| 035 |
|
|
|a (RuTPU)RU\TPU\book\743
|
| 035 |
|
|
|a BOOK00000744
|
| 090 |
|
|
|a 739
|
| 100 |
|
|
|a 20011209d1995 m y0rusy50 ca
|
| 101 |
0 |
|
|a rus
|
| 102 |
|
|
|a RU
|
| 105 |
|
|
|a y j 000zy
|
| 200 |
1 |
|
|a Некоторые вопросы теории нелинейных и параметрических колебаний
|e учебное пособие
|f В. И. Копытов
|g Томский политехнический университет
|
| 210 |
|
|
|a Томск
|c Изд-во ТПУ
|d 1995
|
| 215 |
|
|
|a 94 с.
|
| 610 |
1 |
|
|a колебания
|
| 610 |
1 |
|
|a нелинейные колебания
|
| 610 |
1 |
|
|a параметрические колебания
|
| 610 |
1 |
|
|a учебные пособия
|
| 675 |
|
|
|a 534.01(075)
|v 3
|
| 675 |
|
|
|a 534.222(075)
|v 3
|
| 700 |
|
1 |
|a Копытов
|b В. И.
|c российский ученый, физик
|c заслуженный профессор Томского политехнического университета
|c профессор-консультант Томского политехнического университета, доктор технических наук
|f 1929-
|g Владимир Ильич
|2 stltpush
|3 (RuTPU)RU\TPU\pers\19805
|
| 712 |
0 |
2 |
|a Томский политехнический университет
|2 stltpush
|3 (RuTPU)RU\TPU\col\376
|
| 801 |
|
0 |
|a RU
|b 63413507
|c 20011209
|g PSBO
|
| 801 |
|
2 |
|a RU
|b 63413507
|c 20180606
|g PSBO
|
| 942 |
|
|
|c BK
|